Les surprenants chiffres des Français - 2 - Statistiques

Statistiques générales
  • Ce quiz a été pris 38 fois
  • Le résultat moyen est 5 sur 15
Statistiques - réponses
Hint Réponse % Correct
3 Français sur 5 ont joué à un jeu d'argent en 2018
64%
55 minutes par jour Temps de déplacement quotidien des Français
58%
Environ 155 Euros par seconde Valeur des vols en magasin en 2010
48%
31 tonnes Insectes mangés en 2018
45%
10 par seconde Kebabs vendus en 2010
39%
1680 Euros par seconde Coût de l'enseignement public en 2019
33%
15000 par jour Trains circulant en France
33%
Environ 1500 Euros par seconde Dépenses en jeux d'argent en 2018
27%
7 Millions par an De visiteurs de la Joconde
24%
50 Millions Animaux tués par les chasseurs
21%
1,8 Millions De Français en fauteuil roulant
21%
Environ 30000 par an Collisions entre automobiles et animaux sauvages en 2017
18%
Environ 213 Millions D'entrées au cinéma en 2017
15%
Plus de 10 par minutes Vente de parapluies en 2018
15%
500 Euros par an Pour le consommateur en 2018
12%
Aucun quiz correspondant
Distribution des résultats
% des personnes avec chaque résultat
Percentile par nombre de réponses
Votre historique - résultats
Vous n’avez pas pris ce quiz